Electromagnetics for engineers
Enregistré dans:
| Auteur principal: | |
|---|---|
| Format: | Livre |
| Langue: | Undetermined |
| Publié: |
London
Pearson Prentice Hall
2005
|
| Sujets: | |
| Tags: |
Ajouter un tag
Pas de tags, Soyez le premier à ajouter un tag!
|
| Thư viện lưu trữ: | Trung tâm Học liệu Trường Đại học Cần Thơ |
|---|
| LEADER | 00554nam a2200193Ia 4500 | ||
|---|---|---|---|
| 001 | CTU_237708 | ||
| 008 | 210402s9999 xx 000 0 und d | ||
| 082 | |a 537 | ||
| 082 | |b U36 | ||
| 100 | |a Ulaby, Fawwaz T. | ||
| 245 | 0 | |a Electromagnetics for engineers | |
| 245 | 0 | |c Fawwaz T. Ulaby | |
| 260 | |a London | ||
| 260 | |b Pearson Prentice Hall | ||
| 260 | |c 2005 | ||
| 650 | |a Electromagnetism,Electromagnetic theory,Electromagnetism | ||
| 650 | |x Industrial applications | ||
| 904 | |i Hải | ||
| 980 | |a Trung tâm Học liệu Trường Đại học Cần Thơ | ||